Statistics for Guess the Language #3

Click here to take the quiz!

General Stats

  • This quiz has been taken 20 times
  • The average score is 6 of 14

Answer Stats

GreetingLanguage% Correct
HelloEnglish
94%
HallaSwedish
71%
ZdravoSerbian
65%
Xin ChaoVietnamese
53%
PershendetjeAlbanian
41%
SziaHungarian
35%
HeiSuomi
35%
SwasdiThai
35%
ParevArmenian
29%
Dia dhuitIrish
29%
HyaloBengali
24%
Sata sri akaiaPunjabi
24%
AllianchuQuechua
18%
SelamatMalaysian
6%

Score Distribution

Percentile by Number Answered

Percent of People with Each Score

Your Score History

You have not taken this quiz